| 000 | 00000nam##2200000za#4500 |
| 001 | 9.694017 |
| 003 | CaOODSP |
| 005 | 20240209132432 |
| 007 | cr ||||||||||| |
| 008 | 150407|1999||||xxc|||||o f|0| 0 eng|d |
| 040 | |aCaOODSP|beng |
| 043 | |an-cn--- |
| 086 | 1 |aC89-4/59-1-1999E-PDF |
| 110 | 2 |aAtlantic Canada Opportunities Agency. |
| 245 | 10|aPlanning for success : |h[electronic resource]|byour guide to preparing a business plan |
| 260 | |bAtlantic Canada Opportunities Agency |c[1999]. |
| 300 | |a26p.|bgraphs, organization chart, tables, photographs |
| 500 | |aThe catalogue number (C89-4/59-1-1999E) and ISBN (0-662-28312-0) for the print edition have been incorrectly copied in this electronic publication. |
| 546 | |aEnglish |
| 590 | |a11-07-Supp|b2011-05-17 |
| 690 | 07|aBusiness plans|2gcpds |
| 775 | 08|tPlanifiez votre succès : |w(CaOODSP)9.638200 |
| 856 | 40|ahttp://publications.gc.ca|qPDF|s2 MB|uhttps://publications.gc.ca/collections/collection_2010/apeca-acoa/C89-4-59-1-1999-eng.pdf |